[Event "Titled Tuesday intern op 24th Sep Late"]
[Site "Chess.com INT"]
[Date "2024.09.24"]
[Round "3"]
[White "Sammons, Evan"]
[Black "Sayed Hassan, Mohamed"]
[Result "1/2-1/2"]
[WhiteElo "2013"]
[BlackElo "2227"]
[PlyCount "119"]
[EventDate "2024.09.24"]
[EventType "swiss (blitz)"]
[EventRounds "11"]
[EventCountry "USA"]
[SourceTitle "EXT 2025"]
[Source "ChessBase"]
[SourceDate "2024.10.14"]
[SourceVersion "1"]
[SourceVersionDate "2024.10.14"]
[SourceQuality "1"]

1. e4 d5 2. exd5 Nf6 3. Nf3 Bg4 4. h3 Bxf3 5. Qxf3 Qxd5 6. Be2 Qxf3 7. Bxf3 c6 8. c4 Nbd7 9. d4 e5 10. Be3 exd4 11. Bxd4 Bc5 12. Bc3 a5 13. 0-0 0-0 14. Nd2 Rfe8 15. Rfe1 Bb4 16. Bxb4 axb4 17. Rxe8+ Rxe8 18. Kf1 Kf8 19. Re1 Ra8 20. a3 bxa3 21. Ra1 a2 22. b4 Ra3 23. Bd1 Ne5 24. Bb3 Nd3 25. b5 Nc5 26. Rxa2 Rxb3 27. Nxb3 Nxb3 28. Ra7 Nc5 29. bxc6 bxc6 30. Rc7 Nfd7 31. Rxc6 Ke7 32. Ke2 f5 33. h4 g6 34. h5 Kf7 35. hxg6+ hxg6 36. g3 Ne4 37. Rc7 Ke6 38. Rc6+ Kf7 39. Ra6 Ndc5 40. Rc6 g5 41. Ke3 g4 42. Kf4 Nd3+ 43. Kxf5 Nexf2 44. Rc7+ Ke8 45. Rc6 Kd7 46. Re6 Kc7 47. Re3 Kc6 48. Re8 Kc5 49. Rc8+ Kd4 50. c5 Nxc5 51. Kf4 Ncd3+ 52. Kg5 Ke3 53. Rf8 Ke2 54. Kh4 Kf1 55. Rb8 Kg2 56. Ra8 Ne5 57. Ra2 Nf3+ 58. Kh5 Kxg3 59. Rxf2 Kxf2 60. Kxg4 1/2-1/2

[Event "Titled Tuesday intern op 24th Sep Late"]
[Site "Chess.com INT"]
[Date "2024.09.24"]
[Round "8"]
[White "Sayed Hassan, Mohamed"]
[Black "Sultanbek, Zeinep"]
[Result "1-0"]
[WhiteElo "2227"]
[BlackElo "2098"]
[PlyCount "59"]
[EventDate "2024.09.24"]
[EventType "swiss (blitz)"]
[EventRounds "11"]
[EventCountry "USA"]
[SourceTitle "EXT 2025"]
[Source "ChessBase"]
[SourceDate "2024.10.14"]
[SourceVersion "1"]
[SourceVersionDate "2024.10.14"]
[SourceQuality "1"]

1. e4 a6 2. d4 b5 3. c4 bxc4 4. Bxc4 e6 5. Nc3 Bb7 6. d5 Ne7 7. Nf3 Ng6 8. 0-0 Be7 9. Qb3 Qc8 10. Rd1 0-0 11. Bg5 Bxg5 12. Nxg5 h6 13. dxe6 hxg5 14. exf7+ Kh7 15. Rd3 Nf4 16. Rg3 d5 17. exd5 Rxf7 18. Ne4 Kh6 19. Nxg5 Rf5 20. Ne6 Nxe6 21. dxe6 Nc6 22. e7 Nxe7 23. Qe3+ g5 24. Qxe7 Qf8 25. Rh3+ Kg6 26. Qh7+ Kf6 27. Rh6+ Ke5 28. Re1+ Kd4 29. Bb3 Rxf2 30. Rd1+ 1-0

[Event "Titled Tuesday intern op 24th Sep Late"]
[Site "Chess.com INT"]
[Date "2024.09.24"]
[Round "7"]
[White "Shafer, Logan Clark"]
[Black "Sayed Hassan, Mohamed"]
[Result "0-1"]
[WhiteElo "2149"]
[BlackElo "2227"]
[PlyCount "48"]
[EventDate "2024.09.24"]
[EventType "swiss (blitz)"]
[EventRounds "11"]
[EventCountry "USA"]
[SourceTitle "EXT 2025"]
[Source "ChessBase"]
[SourceDate "2024.10.14"]
[SourceVersion "1"]
[SourceVersionDate "2024.10.14"]
[SourceQuality "1"]

1. e4 e6 2. d4 d5 3. Nd2 c5 4. Ngf3 Nc6 5. exd5 Qxd5 6. Bc4 Qd6 7. Ne4 Qc7 8. 0-0 cxd4 9. Nxd4 a6 10. Re1 Be7 11. Bg5 Nf6 12. Nxf6+ gxf6 13. Bh4 Ne5 14. Bb3 Bd7 15. Bg3 0-0-0 16. Qe2 h5 17. Rad1 h4 18. Bxe5 fxe5 19. Qxe5 Bd6 20. Qf6 Bxh2+ 21. Kh1 h3 22. g3 Bxg3 23. fxg3 Qxg3 24. Re2 Bc6+ 0-1

[Event "Titled Tuesday intern op 10th Sep Late"]
[Site "Chess,com INT"]
[Date "2024.09.10"]
[Round "10"]
[White "Sayed Hassan, Mohamed"]
[Black "Mansurova, Mumtozbegim"]
[Result "0-1"]
[WhiteElo "2227"]
[BlackElo "1765"]
[PlyCount "56"]
[EventDate "2024.09.10"]
[EventType "swiss (blitz)"]
[EventRounds "11"]
[EventCountry "USA"]
[SourceTitle "EXT 2025"]
[Source "ChessBase"]
[SourceDate "2024.10.14"]
[SourceVersion "1"]
[SourceVersionDate "2024.10.14"]
[SourceQuality "1"]

1. e4 c5 2. d4 cxd4 3. c3 dxc3 4. Nxc3 e6 5. Nf3 a6 6. Bc4 Ne7 7. Bg5 Qc7 8. Ke2 Qxc4+ 9. Ke1 Ng6 10. Rc1 Bb4 11. h4 Bxc3+ 12. bxc3 Qxe4+ 13. Be3 Nc6 14. h5 Nf4 15. Kf1 Nd5 16. Bc5 Qc4+ 17. Kg1 Qxc5 18. c4 Nf4 19. Rh4 Nxh5 20. Qd2 Nf6 21. Nd4 Nxd4 22. Rxd4 0-0 23. g3 d6 24. Rxd6 Ne4 25. Qd4 Qxd6 26. Qxe4 e5 27. c5 Qd4 28. Qe1 Bh3 0-1

[Event "Titled Tuesday intern op 03rd Sep Early"]
[Site "Chess.com INT"]
[Date "2024.09.03"]
[Round "2"]
[White "Martinez Alcantara, Jose Eduardo"]
[Black "Sayed Hassan, Mohamed"]
[Result "1-0"]
[WhiteElo "2607"]
[BlackElo "2227"]
[PlyCount "111"]
[EventDate "2024.09.03"]
[EventType "swiss (blitz)"]
[EventRounds "11"]
[EventCountry "USA"]
[SourceTitle "EXT 2025"]
[Source "ChessBase"]
[SourceDate "2024.10.14"]
[SourceVersion "1"]
[SourceVersionDate "2024.10.14"]
[SourceQuality "1"]

1. e4 d6 2. d4 Nf6 3. Bd3 Nbd7 4. Nf3 e5 5. c3 Be7 6. 0-0 c6 7. Re1 Qc7 8. Nbd2 h6 9. Nf1 g5 10. Ng3 Nf8 11. c4 Ng6 12. Be3 Rg8 13. Rc1 Nf4 14. c5 Bg4 15. Bf1 h5 16. Nf5 h4 17. h3 Bxf5 18. exf5 0-0-0 19. Qb3 e4 20. cxd6 Bxd6 21. Ne5 N6d5 22. Bxf4 gxf4 23. Rxe4 Rg5 24. Be2 Rdg8 25. Bg4 Nf6 26. Rxf4 Nxg4 27. Rxg4 Bxe5 28. dxe5 Rxg4 29. hxg4 Rxg4 30. Re1 Qe7 31. Qh3 Qb4 32. Re3 Kc7 33. e6 fxe6 34. fxe6 Rg7 35. Qh2+ Kc8 36. Qh3 Re7 37. Qf5 Qd4 38. Qf8+ Qd8 39. Qxd8+ Kxd8 40. f4 Rg7 41. Rd3+ Ke7 42. f5 Kf6 43. Rd7 Rg5 44. Rf7+ Ke5 45. e7 Rg8 46. Rf8 Rxg2+ 47. Kxg2 h3+ 48. Kxh3 Kd6 49. e8Q Kd5 50. Qe6+ Kc5 51. Rd8 Kb6 52. Qe3+ Ka6 53. Rd3 b5 54. Ra3+ Kb7 55. Rxa7+ Kc8 56. Qe8# 1-0

[Event "Titled Tuesday intern op 03rd Sep Late"]
[Site "Chess.com INT"]
[Date "2024.09.03"]
[Round "10"]
[White "Sayed Hassan, Mohamed"]
[Black "Bogaudinov, Rushan"]
[Result "1/2-1/2"]
[WhiteElo "2227"]
[BlackElo "1912"]
[PlyCount "114"]
[EventDate "2024.09.03"]
[EventType "swiss (blitz)"]
[EventRounds "11"]
[EventCountry "USA"]
[SourceTitle "EXT 2025"]
[Source "ChessBase"]
[SourceDate "2024.10.14"]
[SourceVersion "1"]
[SourceVersionDate "2024.10.14"]
[SourceQuality "1"]

1. e4 a5 2. d4 a4 3. Nf3 e6 4. Bd3 Nf6 5. e5 Nd5 6. a3 c5 7. c4 Ne7 8. 0-0 cxd4 9. Nxd4 Ng6 10. Re1 Nc6 11. Nf3 Bc5 12. Nc3 0-0 13. Bg5 Qb6 14. Ne4 Ncxe5 15. Nxe5 Nxe5 16. Nxc5 Qxc5 17. Bf4 Nxd3 18. Qxd3 d5 19. Rac1 dxc4 20. Rxc4 Qd5 21. Rd4 Qf5 22. Qxf5 exf5 23. Re7 h6 24. h4 Ra6 25. Rc7 Rb6 26. Rd2 Be6 27. Be3 Rc6 28. Rxb7 Rc4 29. Bd4 Rd8 30. Bc3 Rxd2 31. Bxd2 Rxh4 32. Rb4 Rxb4 33. Bxb4 g5 34. g3 Bd5 35. f4 Kh7 36. Kf2 Kg6 37. Bf8 f6 38. Be7 h5 39. Kg1 Kf7 40. Bb4 Bf3 41. Bd2 Kg6 42. Kh2 Bg4 43. Be3 h4 44. gxh4 gxh4 45. Bf2 Kh5 46. Bd4 Bf3 47. Bxf6 Kg4 48. Be5 h3 49. Bd6 Bg2 50. Be5 Kf3 51. Bd6 Ke4 52. Be5 Kd5 53. Kg3 Kc4 54. Kh2 Kb3 55. Kg3 Kc4 56. Kh2 Kb3 57. Kg3 Kc4 1/2-1/2

[Event "Titled Tuesday intern op 03rd Sep Late"]
[Site "Chess.com INT"]
[Date "2024.09.03"]
[Round "6"]
[White "Sayed Hassan, Mohamed"]
[Black "Jing, Andrew"]
[Result "0-1"]
[WhiteElo "2227"]
[BlackElo "2057"]
[PlyCount "86"]
[EventDate "2024.09.03"]
[EventType "swiss (blitz)"]
[EventRounds "11"]
[EventCountry "USA"]
[SourceTitle "EXT 2025"]
[Source "ChessBase"]
[SourceDate "2024.10.14"]
[SourceVersion "1"]
[SourceVersionDate "2024.10.14"]
[SourceQuality "1"]

1. e4 c5 2. Nc3 e6 3. f4 d5 4. Nf3 Nc6 5. Bb5 a6 6. Bxc6+ bxc6 7. Qe2 Be7 8. 0-0 Bd7 9. d3 Qb6 10. Kh1 Nf6 11. Ne5 Qc7 12. b3 Rb8 13. Ba3 0-0 14. Na4 Qa5 15. g4 Rfd8 16. g5 Ne8 17. Qh5 g6 18. Qh3 Ng7 19. f5 exf5 20. exf5 Bxf5 21. Rxf5 Nxf5 22. Rf1 Qc7 23. Rxf5 gxf5 24. Qxf5 Bd6 25. Ng4 f6 26. Bxc5 Bxc5 27. Nxc5 fxg5 28. Ne6 Qe7 29. Nxd8 Rxd8 30. Nf6+ Kh8 31. Qxg5 Rf8 32. Ne4 Qxg5 33. Nxg5 Rf2 34. Ne6 Rxc2 35. Nd8 Kg7 36. Kg1 Kf6 37. Nb7 Ke6 38. Na5 Kd6 39. a4 Kc7 40. b4 Rb2 41. b5 axb5 42. axb5 Rxb5 43. Nxc6 Kxc6 0-1

[Event "Titled Tuesday intern op 03rd Sep Early"]
[Site "Chess.com INT"]
[Date "2024.09.03"]
[Round "4"]
[White "Sayed Hassan, Mohamed"]
[Black "Liu, Casper Yukun"]
[Result "0-1"]
[WhiteElo "2227"]
[BlackElo "2289"]
[PlyCount "286"]
[EventDate "2024.09.03"]
[EventType "swiss (blitz)"]
[EventRounds "11"]
[EventCountry "USA"]
[SourceTitle "EXT 2025"]
[Source "ChessBase"]
[SourceDate "2024.10.14"]
[SourceVersion "1"]
[SourceVersionDate "2024.10.14"]
[SourceQuality "1"]

1. d4 f5 2. Nc3 Nf6 3. Bg5 e6 4. e4 fxe4 5. Nxe4 Be7 6. Bxf6 Bxf6 7. Nf3 d6 8. Bd3 Nc6 9. c3 Bd7 10. Qe2 Qe7 11. 0-0-0 0-0-0 12. Kb1 Kb8 13. Ka1 Rhe8 14. Rhe1 Bc8 15. Nxf6 gxf6 16. d5 exd5 17. Qxe7 Rxe7 18. Rxe7 Nxe7 19. Bxh7 Rh8 20. Bd3 c5 21. Re1 Nc6 22. h3 Ne5 23. Be2 Rg8 24. Nxe5 dxe5 25. g3 Bxh3 26. Rh1 Bf5 27. Rh6 Bg6 28. b4 cxb4 29. cxb4 Kc7 30. Kb2 Kd6 31. f4 Ke6 32. Kc3 Rc8+ 33. Kd2 Rc2+ 34. Ke1 Be4 35. fxe5 Kxe5 36. a4 d4 37. Bd1 Rb2 38. b5 d3 39. Rh8 Kd4 40. g4 Rg2 41. Rh6 Kc3 42. Rxf6 Rg1+ 43. Rf1 d2+ 44. Kf2 Rg2+ 45. Ke3 Bc2 46. Bf3 Rg3 47. Kf4 Rxf3+ 48. Kxf3 d1Q+ 49. Rxd1 Bxd1+ 50. Kf4 Bxa4 51. b6 axb6 52. Ke5 Bc2 53. g5 b5 54. Kf6 b4 55. Kg7 b3 56. Kh8 b2 57. g6 Bxg6 58. Kg7 b1Q 59. Kh6 Qf5 60. Kg7 Be8 61. Kh8 Qf6+ 62. Kh7 Bg6+ 63. Kg8 Qf7+ 64. Kh8 Qe7 65. Kg8 b5 66. Kh8 b4 67. Kg8 b3 68. Kh8 b2 69. Kg8 Kb4 70. Kh8 Ka5 71. Kg8 Kb6 72. Kh8 Ka7 73. Kg8 Kb8 74. Kh8 Kc7 75. Kg8 Kd6 76. Kh8 Ke5 77. Kg8 Kf4 78. Kh8 Kg3 79. Kg8 Kh2 80. Kh8 Kg1 81. Kg8 Kf2 82. Kh8 Ke3 83. Kg8 Kd2 84. Kh8 Kc1 85. Kg8 Kb1 86. Kh8 Kc2 87. Kg8 Kb3 88. Kh8 Ka4 89. Kg8 Kb5 90. Kh8 Kc4 91. Kg8 Kd5 92. Kh8 Ke4 93. Kg8 Kf5 94. Kh8 Kg4 95. Kg8 Kh3 96. Kh8 Kg2 97. Kg8 Kf3 98. Kh8 Ke2 99. Kg8 Kd1 100. Kh8 Kc2 101. Kg8 Kb1 102. Kh8 Ka1 103. Kg8 Ka2 104. Kh8 Ka3 105. Kg8 Ka4 106. Kh8 Ka5 107. Kg8 Ka6 108. Kh8 Ka7 109. Kg8 Ka8 110. Kh8 Kb8 111. Kg8 b1Q 112. Kh8 Kb7 113. Kg8 Kb6 114. Kh8 Kb5 115. Kg8 Kb4 116. Kh8 Kb3 117. Kg8 Kb2 118. Kh8 Kc1 119. Kg8 Kc2 120. Kh8 Kc3 121. Kg8 Kc4 122. Kh8 Kc5 123. Kg8 Kc6 124. Kh8 Kc7 125. Kg8 Kc8 126. Kh8 Kd8 127. Kg8 Kd7 128. Kh8 Kd6 129. Kg8 Kd5 130. Kh8 Kd4 131. Kg8 Kd3 132. Kh8 Kd2 133. Kg8 Kd1 134. Kh8 Ke1 135. Kg8 Ke2 136. Kh8 Ke3 137. Kg8 Ke4 138. Kh8 Ke5 139. Kg8 Ke6 140. Kh8 Kf6 141. Kg8 Kg5 142. Kh8 Kh6 143. Kg8 Qb8# 0-1